000 00753nam a22002057a 4500
999 _c21263
_d21263
003 AR-CdUCM
008 190320b ||||| |||| 00| 0 spa d
040 _aMUNICIPALIDAD PROVINCIAL DEL CUSCO
_cBIBLIOTECA MUNICIPAL DEL CUSCO
082 _a514.24/R77
_bR77
100 _aRondon Álvarez, Sandra Raquel
_944416
245 _aEl geoplano en la construcción del pensamiento Geométrico /
260 _aCusco ;
_bDann'ys Graff,
_c2017.
300 _a123 Páginas. :
_c28 cm.
505 _aContenido: Construcción del geoplano -- Actividades como uso del geoplano -- Sesiones de aprendizaje ...
650 _aGeometría analítica
_921470
650 _aGeometría plana
_923398
650 _aGeometría
_944417
942 _2ddc
_cLIBROS
945 _aRoel